№ 52; The Economist
| Parent link: | The Economist: политико-экономический журнал. № 52.— , за последние 5 лет |
|---|---|
| Dil: | İngilizce |
| Baskı/Yayın Bilgisi: |
2016
|
| Materyal Türü: | MixedMaterials Kitap |
| KOHA link: | https://koha.lib.tpu.ru/cgi-bin/koha/opac-detail.pl?biblionumber=571266 |
MARC
| LEADER | 00000nam2a2200000 4500 | ||
|---|---|---|---|
| 001 | 571266 | ||
| 005 | 20231101125206.0 | ||
| 035 | |a (RuTPU)RU\TPU\prd\269139 | ||
| 090 | |a 571266 | ||
| 100 | |a 20170131a18439999m y0engy50 ba | ||
| 101 | 0 | |a eng | |
| 102 | |a GB | ||
| 200 | 0 | |a № 52 | |
| 210 | |d 2016 | ||
| 461 | 1 | |0 (RuTPU)RU\TPU\prd\42174 |t The Economist |o политико-экономический журнал |v № 52 |d за последние 5 лет | |
| 801 | 0 | |a RU |b 63413507 |c 20010227 |g PSBO | |
| 801 | 1 | |a RU |b 63413507 |c 20170131 | |
| 942 | |c BK | ||
| 999 | |a НТБ_ТПУ |b ЧЗИЛ |e -1/20170117 |p П-4526 |s 1/20160622 |u 0,00 |v 1 |y 13821000814139 | ||